000 01049nam a22003377a 4500
003 CHAP
005 20220817041715.0
008 971013s1982 r 00010 d
010 _a22143
011 _a23115
035 _a27210
040 _cCHAP
082 _a595.42
_bC6
110 _aColegio de Postgraduados. Chapingo, Méx. Centro de Entomología y Acarología
_925077
245 _aSeminario
_b: 1981
260 _a(Chapingo, Méx. :
_bs.e.),
_c(1982?)
300 _a356 h.
590 _aBATCH-UPD
_b10
_c20130110
_lUCH01
_h0239
590 _aBATCH-UPD
_b10
_c20130110
_lUCH01
_h1458
590 _aBATCH-UPD
_b10
_c20130409
_lUCH01
_h2306
590 _aBATCH-UPD
_b10
_c20130914
_lUCH01
_h1117
590 _aCONVERSION
_b10
_c20130109
_lUCH01
_h1313
650 1 4 _aÁcaros.
650 1 4 _aCultivos
_xPlagas.
_930305
700 0 _aLagunes Tejeda, Angel.
_964465
700 0 _aPrado, E.
_991276
700 0 _aVera Graziano, Jorge.
_9118775
901 _aBK
942 _cLIBRO
949 _a595.42 C6
_bBC
_cLIBRO
_d-62953
_eLIBRO
_h57374
_i27210
_mD
_si
999 _c22143
_d22143